All Rock Type Moves - Statistics

General Stats
  • This quiz has been taken 7 times
  • The average score is 20 of 23
Answer Stats
Description Answer % Correct
The user smashes into the target at high speed. This move always goes first. Accelerock
100%
The user attacks with a prehistoric power. This may also raise all the user's stats at once. Ancient Power
100%
The user whips up a storm of diamonds to damage opposing Pokémon. This may also sharply raise the user's Defense stat. Diamond Storm
100%
The user attacks the target with a hazardous, full-power headbutt. This also damages the user terribly. Head Smash
100%
The user attacks with a ray of light that sparkles as if it were made of gemstones. Power Gem
100%
The user hurls hard rocks at the target. Two to five rocks are launched in a row. Rock Blast
100%
The user polishes its body to reduce drag. This can sharply raise the Speed stat. Rock Polish
100%
Large boulders are hurled at the opposing Pokémon to inflict damage. This may also make the opposing Pokémon flinch. Rock Slide
100%
The user picks up and throws a small rock at the target to attack. Rock Throw
100%
Boulders are hurled at the target. This also lowers the target's Speed stat by preventing its movement. Rock Tomb
100%
The user continually rolls into the target over five turns. It becomes more powerful each time it hits. Rollout
100%
A five-turn sandstorm is summoned to hurt all combatants except the Rock, Ground, and Steel types. It raises the Sp. Def stat of Rock types. Sandstorm
100%
The user throws a stone or similar projectile to attack an opponent. A flying Pokémon will fall to the ground when it's hit. Smack Down
100%
The user lays a trap of levitating stones around the opposing team. The trap hurts opposing Pokémon that switch into battle. Stealth Rock
100%
The user stabs the target from below with sharpened stones. Critical hits land more easily. Stone Edge
100%
The user pours sticky tar over the target, lowering the target's Speed stat. The target becomes weaker to Fire-type moves. Tar Shot
100%
The user and its allies are protected from wide-ranging attacks for one turn. Wide Guard
100%
In this two-turn attack, the user gathers space power and boosts its Sp. Atk stat, then attacks the target on the next turn. Meteor Beam
75%
The user launches a huge boulder at the target to attack. The user can't move on the next turn. Rock Wrecker
75%
The user summons a huge rock mountain using its Z-Power and drops it onto the target with full force. The power varies, depending on the original move. Continental Crush
50%
This is a Rock-type attack Dynamax Pokémon use. The user summons a sandstorm lasting five turns. Max Rockfall
50%
After obtaining Z-Power, the user, Lycanroc, attacks the target with full force. This move negates the effect on the battlefield. Splintered Stormshards
25%
A Rock-type attack that Gigantamax Coalossal use. This move continues to deal damage to opponents for four turns. G-Max Volcalith
0%
No matching quizzes found
Score Distribution
Percent of People with Each Score
Percentile by Number Answered
Your Score History
You have not taken this quiz